书目信息 |
| 题名: |
南京国民政府外交部公报
|
|
| 作者: | ;中国第二历史档案馆 编 | |
| 分册: | 11 | |
| 出版信息: | 南京 江苏古籍出版社 1990.4 |
|
| 页数: | 190,216,68页 | |
| 开本: | 26厘米 | |
| 丛书名: | ||
| 单 册: | ||
| 中图分类: | K262.906 | |
| 科图分类: | ||
| 主题词: | 外交部--公报--中国--民国 , 中国--历史 | |
| 电子资源: | ||
| ISBN: | 7-80519-146-8 | |
| 000 | 00952nam 2200253 45 | |
| 001 | 0191008565 | |
| 005 | 20060915102057.79 | |
| 010 | @a7-80519-146-8@b精装@dCNY88.10 | |
| 100 | @a19910423e1990 ekma0chiy0121 ea | |
| 101 | 0 | @achi |
| 102 | @aCN@b320000 | |
| 105 | @ac z 000yy | |
| 200 | 10 | @a南京国民政府外交部公报@ANAN JING GUO MIN ZHENG FU WAI JIAO BU GONG BAO@h11@h第三卷第十一号~第十二号@h外交部公报第三卷总目录@f中国第二历史档案馆编@FZHONG GUO DI ER LI SHI DANG AN GUAN BIAN |
| 205 | @b影印本 | |
| 210 | @a南京@c江苏古籍出版社@d1990.4 | |
| 215 | @a190,216,68页@c肖像及图表@d26厘米 | |
| 300 | @a中华民国二十年三月~四月 | |
| 540 | 1 | @a南京国民政府 外交部公报@Anan jing guo min zheng fu wai jiao bu gong bao |
| 606 | @a外交部@x公报@y中国@z民国 | |
| 606 | 0 | @a中国@x历史 |
| 690 | @aK262.906@v3 | |
| 711 | 02 | @a中国第二历史档案馆@AZHONG GUO DI ER LI SHI DANG AN GUAN@4编 |
| 801 | 0 | @aCN@bTSSF@c20060915 |
| 905 | @a10447@dK262.906@e27:11 | |
| 南京国民政府外交部公报.11.第三卷第十一号~第十二号.外交部公报第三卷总目录/中国第二历史档案馆编.-影印本.-南京:江苏古籍出版社,1990.4 |
| 190,216,68页:肖像及图表;26厘米 |
| 中华民国二十年三月~四月 |
| ISBN 7-80519-146-8(精装):CNY88.10 |
| ● |
| 相关链接 |
|
|
|
|
正题名:南京国民政府外交部公报
索取号:K262.906/27:11
 
预约/预借
| 序号 | 登录号 | 条形码 | 馆藏地/架位号 | 状态 | 备注 |
| 1 | 0260938 | 000814989 | 古籍典藏专区/ [索取号:K262.906/27:11] | 在馆 |